| 000 | 02329cam a2200325 i 4500 | ||
|---|---|---|---|
| 001 | 17216 | ||
| 003 | DO-SdUEMH | ||
| 005 | 20250906155053.0 | ||
| 007 | ta | ||
| 008 | 211105s2016 spaa|||gr|||| 0|0 ||spa|d | ||
| 020 | _a9789562203913 | ||
| 040 |
_aDO-SdUEMH _bspa _erda |
||
| 041 | _aspa | ||
| 082 |
_a616.071 C331S 2016 _bC331s _mRD |
||
| 084 | 1 | _b17-00126 | |
| 100 |
_aCarvajal Hafemann, Carlos _eaut |
||
| 245 | 1 | 0 |
_aSemiología quirúrgica / _cCarlos Carvajal Hafemann, Alberto Acebedo F. Rodrigo Anacona C., Ana María Arriagada U., Adolfo Barros R. [y otros 26] |
| 250 | _asegunda edición | ||
| 260 | _c2016 | ||
| 264 | 1 |
_aSantiago, Buenos Aires : _bAndros impresores ; |
|
| 264 | 4 | _c©2016 | |
| 300 |
_a258 páginas : _bIlustraciones ; _c23 cm |
||
| 336 |
_2rdacontent _atexto _btxt |
||
| 337 |
_2rdamedia _asin mediación _bn |
||
| 338 |
_2rdacarrier _avolumen _bnc |
||
| 504 | _aBibliografías al final de cada capítulo | ||
| 505 | 1 | _aCapítulo 1. razonamiento clínico -- Capítulo 2. anamnesis, examen físico, antes antecedentes y estudios de imágenes -- Capítulo 2. cara -- Capítulo 4. cabeza y cuello -- Capítulo 5. mama -- Capítulo 6. esófago, estómago duodeno -- Capítulo 7. intestino: yeyuno-íleon y colon -- Capítulo 8. región anorrectal -- Capítulo 9. trauma urogenital -- Capítulo 10. hernias de la pared abdominal -- Capítulo 11. hígado -- Capítulo 12. ictericia obstructiva -- Capítulo 13. Bazo -- Capítulo 14. páncreas -- Capítulo 15. hemorragia digestiva alta -- Capítulo 16. obstrucción intestinal -- Capítulo 17. apendicitis aguda -- Capítulo 18. peritonitis -- Capítulo 19. abdomen agudo -- Capítulo 20. tórax -- Capítulo 21. sistema arterial -- Capítulo 22. sistema venoso y linfático -- Capítulo 23. sistema nervioso -- Capítulo 24. shock hipovolémico -- Capítulo 25. trauma -- Capítulo 26. trauma contuso cardíaco -- Capítulo 27. radiología simple del tubo digestivo -- Capítulo 28. imagenología en patología quirúrgica I: tórax y abdomen superior -- Capítulo 29. imagenología en patología quirúrgica II: tubo digestivo -- Capítulo 30. síntesis del proceso diagnóstico -- Capítulo 31. obesidad -- Capítulo 32. quemaduras -- Capítulo 33. cirugía y ética -- Capítulo 34. el paciente terminal | |
| 942 |
_2ddc _cBK _n0 |
||
| 999 |
_c17216 _d17216 |
||